Špecifiká inovácií v sektore kultúrneho a kreatívneho priemyslu
Definícia a význam kreatívneho priemyslu v ekonomike. Pridaná hodnota kreatívnych činností a odvetví významne zvyšuje konkurencieschopnosťostatných tradičných odvetví a vytvára tak multiplikačný efekt v ekonomike. Vytváranie nových produktov a služieb.
Uložené v:
| Hlavný autor: | |
|---|---|
| Ďalší autori: | |
| Médium: | Kapitola |
| Jazyk: | Slovak |
| Predmet: | |
| Tagy: |
Žiadne tagy, Buďte prvý, kto otaguje tento záznam!
|
MARC
| LEADER | 00000naa$a2200000$$$4500 | ||
|---|---|---|---|
| 001 | 0250096 | ||
| 005 | 20240524070650.3 | ||
| 041 | 0 | |a slo | |
| 044 | |a SK | ||
| 245 | 1 | 0 | |a Špecifiká inovácií v sektore kultúrneho a kreatívneho priemyslu |c Helena Majdúchová, Slávka Šagátová |
| 520 | |a Definícia a význam kreatívneho priemyslu v ekonomike. Pridaná hodnota kreatívnych činností a odvetví významne zvyšuje konkurencieschopnosťostatných tradičných odvetví a vytvára tak multiplikačný efekt v ekonomike. Vytváranie nových produktov a služieb. | ||
| 610 | 2 | 0 | |a priemysel kreatívny |
| 610 | 2 | 0 | |a priemysel kultúrny |
| 610 | 2 | 0 | |a kreativita |
| 610 | 2 | 0 | |a kultúra |
| 610 | 2 | 0 | |a inovácie technologické |
| 610 | 2 | 0 | |a inovácie sociálne |
| 610 | 2 | 0 | |a konkurencieschopnosť |
| 100 | 1 | |a Majdúchová, Helena, 1963- | |
| 700 | 1 | |a Šagátová, Slavka, 1975- | |